Meditationes seu notae in evangelicas lectiones / S. Petri Canisii ; editionem criticam curavit Fridericus Streicher S. J.

Salvato in:
Dettagli Bibliografici
Autore principale: San Pedro Canisio (autor)
Altri autori: Streicher, Fridericus (autor) (autor)
Natura: Libro
Serie:Societatis Iesu Selecti Scriptores
Soggetti:
Tags: Aggiungi Tag
Nessun Tag, puoi essere il primo ad aggiungerne!!

MARC

LEADER 00000nam^a2200000^u^4500
001 000551991
005 20250521000000.0
008 060220s1000^^^^^^^^^^^^r^^^^^000^0^spa^d
009 20260310131607.147
035 |a FMI 000021779 
037 |a Acervo Xavier Clavigero 
096 |a 4.4.1/8/E 
100 |a San Pedro Canisio  |e (autor) 
245 1 0 |a Meditationes seu notae in evangelicas lectiones / S. Petri Canisii ; editionem criticam curavit Fridericus Streicher S. J. 
264 |a Bavaria : Officina Salesiana Monachii Bavaria , 1955 
300 |a 427 p. 
336 |a texto  |b txt  |2 rdacontenido 
337 |a sin mediación  |b n  |2 rdamedio 
338 |a volumen  |b nc  |2 rdasoporte 
440 0 |a Societatis Iesu Selecti Scriptores 
597 |a "Pars altera Meditationes de Dominicis" 
649 |a XX 
650 |a Espiritualidad de la Compañía de Jesús 
700 |a Streicher, Fridericus  |e (autor) 
910 |a Fondo Francisco Migoya Covarrubias S.J. 
920 |a Impresos - Libros 
930 |a Fondos Especiales 
905 |a 134 
901 |a SBC21646  |b IT2  |c ESP  |u 20250521 
902 |a https://opac.biblio.iteso.mx/vufind/Record/000551991